Today matters : (Record no. 91489)

MARC details
000 -LEADER
fixed length control field 00599nam a22001817a 4500
005 - DATE AND TIME OF LATEST TRANSACTION
control field 20150319162715.0
010 ## - LCCN (DPL NO)
LC control number ENG-112191
020 ## - INTERNATIONAL STANDARD BOOK NUMBER
International Standard Book Number 9789350098738
Terms of availability 350.00
035 ## - SYSTEM CONTROL NUMBER
System control number EN-95723
037 ## - SOURCE OF ACQUISITION
Source of stock number/acquisition DBAD/PUB
082 ## - DEWEY DECIMAL CLASSIFICATION NUMBER
Classification number 158
100 ## - MAIN ENTRY--PERSONAL NAME
Personal name Maxwell, John C.
245 ## - TITLE STATEMENT
Title Today matters :
Statement of responsibility, etc by John C. Maxwell
Remainder of title 12 daily practices to guarantee tomorrow's success /
260 ## - PUBLICATION, DISTRIBUTION, ETC. (IMPRINT)
Place of publication, distribution, etc Gurgaon
Name of publisher, distributor, etc Hachette Book Publishing
Date of publication, distribution, etc 2014
270 ## - ADDRESS
Address 4th & 5th Floor, Corporate Centre, Plot No.94, Sector -44
City Gurgaon
Postal code 122003
300 ## - PHYSICAL DESCRIPTION
Extent viii,312p.
Dimensions 22cm(pbk)
942 ## - ADDED ENTRY ELEMENTS (KOHA)
Source of classification or shelving scheme Dewey Decimal Classification
Item type English Books
Call number suffix MAX
Classification part 158
Holdings
Withdrawn status Lost status Not for loan Collection code Home library Current library Date acquired Source of acquisition Cost, normal purchase price Full call number Barcode Copy number Cost, replacement price Koha item type
    Not For Loan Fiction D.B.Act.Division D.B.Act.Division 18/02/2015 DBAD/PUB 350.00 158 MAX EN-95723 1 350.00 English Books

© Delhi Public Library
Hit Counter
free hit counter